[Event "Szolnok Agora op 2nd"]
[Site "Szolnok"]
[Date "2023.06.30"]
[Round "4"]
[White "Gyorgy, Balazs"]
[Black "Papp, Jozsef"]
[Result "0-1"]
[WhiteElo "1352"]
[BlackElo "1965"]
[PlyCount "70"]
[EventDate "2023.06.29"]
[EventType "swiss"]
[EventRounds "7"]
[EventCountry "HUN"]
[SourceTitle "EXT 2024"]
[Source "ChessBase"]
[SourceDate "2023.10.10"]
[SourceVersion "1"]
[SourceVersionDate "2023.10.10"]
[SourceQuality "1"]

1. e4 c5 2. Nf3 d6 3. d4 cxd4 4. Nxd4 Nf6 5. Nc3 a6 6. Be2 e6 7. Bg5 Be7 8. f4 h6 9. Bxf6 Bxf6 10. Qd2 Qb6 11. Nb3 0-0 12. 0-0-0 Rd8 13. g4 Qc7 14. g5 hxg5 15. fxg5 Be5 16. Kb1 b5 17. a3 Bb7 18. Bd3 Nd7 19. Qf2 Nc5 20. Nxc5 dxc5 21. h4 c4 22. Be2 Bxc3 23. bxc3 Bxe4 24. Rhf1 Bf5 25. h5 Qe7 26. Kb2 Rxd1 27. Bxd1 Rd8 28. Rg1 a5 29. Qb6 Ra8 30. Bf3 Qa7 31. Qc6 Rb8 32. Rd1 b4 33. Qxc4 bxa3+ 34. Kxa3 Qe7+ 35. Ka2 Bxc2 0-1

[Event "Berekfurdo tt"]
[Site "Berekfurdo"]
[Date "2013.10.03"]
[Round "1.1"]
[White "Papp, Jozsef"]
[Black "Puzko, Danila"]
[Result "1/2-1/2"]
[WhiteElo "2034"]
[BlackElo "2084"]
[PlyCount "87"]
[EventDate "2013.10.03"]
[EventType "team-tourn"]
[EventRounds "7"]
[EventCountry "HUN"]
[SourceTitle "CBM 156 Extra"]
[Source "ChessBase"]
[SourceDate "2013.10.22"]
[SourceVersion "1"]
[SourceVersionDate "2013.10.22"]
[SourceQuality "1"]
[WhiteTeam "Karcag"]
[BlackTeam "St Petersburg"]
[WhiteTeamCountry "HUN"]
[BlackTeamCountry "RUS"]

1. b4 e5 2. Bb2 Bxb4 3. Bxe5 Nf6 4. c3 Be7 5. e3 0-0 6. Be2 d5 7. Bxf6 Bxf6 8. Nf3 c6 9. 0-0 Nd7 10. d4 Qc7 11. Nbd2 Be7 12. c4 Nf6 13. cxd5 cxd5 14. Qb3 Bd6 15. h3 Bf5 16. a4 Rac8 17. Bd3 Bxd3 18. Qxd3 Qe7 19. Rfc1 Rc7 20. Rc2 Rfc8 21. Rac1 g6 22. Qb3 Qd7 23. Ne1 Ne4 24. Nxe4 dxe4 25. Kf1 Kg7 26. Ke2 a5 27. Rxc7 Rxc7 28. Rxc7 Qxc7 29. Qc2 Qe7 30. f3 f5 31. fxe4 fxe4 32. g4 g5 33. Qc4 Bg3 34. Qd5 b6 35. Nc2 h6 36. Qf5 Bd6 37. d5 Bc5 38. Nd4 Bxd4 39. exd4 Qa3 40. Qd7+ Kf8 41. Qd8+ Kf7 42. Qd7+ Kf8 43. Qf5+ Kg7 44. Qd7+ 1/2-1/2

[Event "HUN-chT2 Maroczy 1213"]
[Site "Hungary"]
[Date "2013.03.24"]
[Round "9"]
[White "Papp, Gellert"]
[Black "Papp, Jozsef"]
[Result "1-0"]
[WhiteElo "2337"]
[BlackElo "2053"]
[PlyCount "31"]
[EventDate "2012.09.16"]
[EventType "team-tourn"]
[EventRounds "11"]
[EventCountry "HUN"]
[SourceTitle "EXT 2014"]
[Source "ChessBase"]
[SourceDate "2013.11.20"]
[SourceVersion "1"]
[SourceVersionDate "2013.11.20"]
[SourceQuality "1"]
[WhiteTeam "Hobagoly"]
[BlackTeam "Karcag"]
[WhiteTeamCountry "HUN"]
[BlackTeamCountry "HUN"]

1. e4 d5 2. exd5 Nf6 3. d4 Nxd5 4. Nf3 c6 5. c4 Nb6 6. a4 a5 7. Qb3 e5 8. c5 N6d7 9. Bc4 Qe7 10. 0-0 f6 11. Nc3 exd4 12. Re1 Ne5 13. Rxe5 fxe5 14. Bg5 Qc7 15. Re1 Bxc5 16. Nxe5 1-0

[Event "HUN-chT2 Maroczy 1213"]
[Site "Hungary"]
[Date "2012.09.16"]
[Round "1"]
[White "Papp, Jozsef"]
[Black "Feher, Adam"]
[Result "0-1"]
[WhiteElo "2053"]
[BlackElo "2367"]
[PlyCount "98"]
[EventDate "2012.09.16"]
[EventType "team-tourn"]
[EventRounds "11"]
[EventCountry "HUN"]
[SourceTitle "EXT 2014"]
[Source "ChessBase"]
[SourceDate "2013.11.20"]
[SourceVersion "1"]
[SourceVersionDate "2013.11.20"]
[SourceQuality "1"]
[WhiteTeam "Karcag"]
[BlackTeam "Sarkany"]
[WhiteTeamCountry "HUN"]
[BlackTeamCountry "HUN"]

1. e4 c5 2. Nf3 d6 3. d4 cxd4 4. Nxd4 Nf6 5. Nc3 a6 6. a4 e6 7. Be2 Be7 8. Be3 0-0 9. 0-0 Qc7 10. a5 Nbd7 11. Nb3 b5 12. axb6 Nxb6 13. Bxb6 Qxb6 14. Qd4 Qb8 15. Ra4 Nd7 16. Na5 Bf6 17. Qb4 Nc5 18. Qxb8 Rxb8 19. Ra2 Bxc3 20. bxc3 Nxe4 21. Ra3 Rb6 22. f3 Nc5 23. Nc4 Rc6 24. Rfa1 g6 25. Ra5 Rd8 26. Rd1 d5 27. Ne5 Rc7 28. Ra3 Kg7 29. Kf2 Rd6 30. Ke3 Rb6 31. Nd3 Nxd3 32. Bxd3 f6 33. Kd2 Kf7 34. Rda1 Rcc6 35. Ra5 Ke7 36. h4 Kf7 37. R5a4 h5 38. g4 hxg4 39. fxg4 e5 40. Be2 Kg7 41. Ra5 Rd6 42. Rc5 Rbc6 43. Rca5 d4 44. c4 e4 45. Rd5 Rxd5 46. cxd5 Rc5 47. Bxa6 Bxg4 48. Bb7 Rc3 49. Ra7 Kh6 0-1

[Event "HUN-chT2 Toth 1011"]
[Site "Hungary"]
[Date "2010.11.21"]
[Round "6.3"]
[White "Papp, Jozsef"]
[Black "Jesenski, Tibor"]
[Result "0-1"]
[WhiteElo "2076"]
[BlackElo "2308"]
[PlyCount "136"]
[EventDate "2010.09.12"]
[EventType "team-tourn"]
[EventRounds "11"]
[EventCountry "HUN"]
[SourceTitle "EXT 2012"]
[Source "ChessBase"]
[SourceDate "2011.11.24"]
[SourceVersion "1"]
[SourceVersionDate "2011.11.24"]
[SourceQuality "1"]
[WhiteTeam "Karcag"]
[BlackTeam "Roszke"]
[WhiteTeamCountry "HUN"]
[BlackTeamCountry "HUN"]

1. e4 e5 2. Nf3 Nc6 3. Bb5 a6 4. Ba4 Nf6 5. d4 exd4 6. 0-0 Be7 7. Re1 0-0 8. e5 Ne8 9. c3 d6 10. Bxc6 bxc6 11. Nxd4 Qd7 12. Qf3 d5 13. Qg3 c5 14. Nc2 Qe6 15. Bg5 Rb8 16. Bxe7 Qxe7 17. b3 Rb6 18. Nd2 Rg6 19. Qf3 c6 20. Nf1 Nc7 21. Qe3 h5 22. Re2 h4 23. f4 Bf5 24. Ne1 Ne6 25. Rf2 Rd8 26. Rd1 d4 27. cxd4 cxd4 28. Qc1 c5 29. Nd3 Rg4 30. h3 Rg6 31. Kh2 Rc8 32. g4 hxg3+ 33. Nxg3 Bxd3 34. Rxd3 c4 35. bxc4 Qh4 36. Rdf3 Nc5 37. Nf5 Qd8 38. Nd6 Rxd6 39. exd6 Qxd6 40. Qe1 d3 41. Rd2 Rd8 42. Qe5 Qxe5 43. fxe5 Rd4 44. a3 Rxc4 45. Rfxd3 Nxd3 46. Rxd3 Ra4 47. Re3 Kf8 48. Kg3 Ke7 49. Kf3 Ke6 50. Kg3 Kf5 51. Rf3+ Ke6 52. Re3 a5 53. Kg2 Kf5 54. Rf3+ Rf4 55. Rc3 Re4 56. Kf3 Rxe5 57. Rc4 g5 58. Ra4 Rc5 59. Kg3 f6 60. Kf3 Kg6 61. Kg3 Kh5 62. Kf3 f5 63. Kg3 f4+ 64. Kf3 Kh4 65. Kg2 Rb5 66. Kh2 Rb2+ 67. Kg1 Kxh3 68. Rxa5 g4 0-1

[Event "HUN-chT2 Toth 0809"]
[Site "Hungary"]
[Date "2009.01.25"]
[Round "6.4"]
[White "Papp, Jozsef"]
[Black "Csukas, Tibor"]
[Result "1-0"]
[WhiteElo "2054"]
[BlackElo "1943"]
[PlyCount "103"]
[EventDate "2008.10.26"]
[EventType "team-tourn"]
[EventRounds "11"]
[EventCountry "HUN"]
[SourceTitle "EXT 2010"]
[Source "ChessBase"]
[SourceDate "2010.11.25"]
[SourceVersion "1"]
[SourceVersionDate "2010.11.25"]
[SourceQuality "1"]
[WhiteTeam "Szentes"]
[BlackTeam "Nadudvar"]
[WhiteTeamCountry "HUN"]
[BlackTeamCountry "HUN"]

1. e4 e6 2. c4 c5 3. Nc3 Nc6 4. Nf3 d6 5. d4 cxd4 6. Nxd4 Nf6 7. Be2 Be7 8. 0-0 0-0 9. Be3 Nxd4 10. Qxd4 b6 11. Rad1 Bb7 12. f3 Qb8 13. b4 Rd8 14. a3 Ne8 15. Qd3 Nc7 16. Qc2 Qc8 17. Qb3 Bf6 18. Bd4 e5 19. Be3 Qe6 20. a4 Be7 21. Bd3 g5 22. g4 Qg6 23. c5 bxc5 24. bxc5 Bc6 25. cxd6 Bxd6 26. Bc4 Rdb8 27. Bxf7+ Qxf7 28. Qxf7+ Kxf7 29. Rxd6 Be8 30. Bxg5 Rb3 31. Rf6+ Kg7 32. Rc1 h6 33. Bh4 Bf7 34. Rd6 Ne6 35. Bg3 Nf4 36. Bxf4 exf4 37. Nd5 Rxf3 38. Rc7 Kg8 39. Ne7+ Kf8 40. Rxh6 Re8 41. Rh8+ Kg7 42. Rxe8 Bxe8 43. Rxa7 Ra3 44. Nd5+ Kg6 45. Nxf4+ Kg5 46. Nd5 Kxg4 47. Rg7+ Kh4 48. Kf2 Rxa4 49. Ke3 Kh3 50. Rh7+ Kg2 51. h4 Bg6 52. Nf4+ 1-0

[Event "HUN-chT2 Breyer 0708"]
[Site "Hungary"]
[Date "2008.03.16"]
[Round "8"]
[White "Farkas, Ferenc"]
[Black "Papp, Jozsef"]
[Result "0-1"]
[WhiteElo "1859"]
[BlackElo "2050"]
[PlyCount "160"]
[EventDate "2007.10.14"]
[EventType "team"]
[EventRounds "11"]
[EventCountry "HUN"]
[SourceTitle "EXT 2009"]
[Source "ChessBase"]
[SourceDate "2008.11.26"]
[SourceVersion "1"]
[SourceVersionDate "2008.11.26"]
[SourceQuality "1"]
[WhiteTeam "Kisber Aszar"]
[BlackTeam "Turul"]
[WhiteTeamCountry "HUN"]
[BlackTeamCountry "HUN"]

1. d4 d5 2. Nf3 f5 3. Bf4 e6 4. e3 Nf6 5. Bd3 Bd6 6. Bg5 Nbd7 7. Nbd2 0-0 8. c4 c6 9. c5 Bc7 10. Qc2 Qe8 11. Bxf6 Nxf6 12. Ne5 Qe7 13. Ndf3 Nd7 14. Nxd7 Bxd7 15. 0-0 g5 16. h3 Rf7 17. Nh2 e5 18. dxe5 Qxe5 19. Nf3 Qf6 20. Nh2 g4 21. f4 gxh3 22. gxh3 Qh4 23. Rf3 Raf8 24. Kh1 Rg7 25. Qf2 Qxf2 26. Rxf2 b6 27. b4 Kf7 28. Rg2 Rfg8 29. Rxg7+ Rxg7 30. Rg1 Rxg1+ 31. Kxg1 bxc5 32. bxc5 Ba5 33. Nf3 Kf6 34. Ne5 Be8 35. Bc2 Bc3 36. Nd3 d4 37. Kf2 Bf7 38. a3 Bc4 39. Nb4 Bb5 40. Na2 Bb2 41. a4 Ba6 42. Nb4 Bb7 43. Nd3 Bc3 44. Nc1 Bd2 45. Nb3 Bxe3+ 46. Ke2 Bc8 47. Na5 Bd7 48. Kd3 Bc8 49. Bb3 Bd7 50. Bc4 Bxf4 51. Kxd4 Bc7 52. Nb3 f4 53. Bf1 Bf5 54. Bg2 Bd7 55. Kd3 Kg5 56. Nd4 Kh4 57. Ke2 Kg3 58. Be4 h5 59. Nxc6 a5 60. Nd4 Bxa4 61. c6 Kxh3 62. Ne6 Be5 63. Kf3 Bd1+ 64. Kf2 Bb3 65. Ng5+ Kg4 66. Nf3 Bc7 67. Nd2 a4 68. Bf3+ Kh4 69. Be4 Bb6+ 70. Kf3 Kg5 71. Kg2 Bd1 72. Nc4 Bc7 73. Na3 Kg4 74. Bd5 f3+ 75. Kf2 Bb6+ 76. Kf1 Kg3 77. Nc4 Be2+ 78. Ke1 Bxc4 79. Bxc4 Kg2 80. Bd5 a3 0-1

[Event "HUN-chT2 Breyer 0708"]
[Site "Hungary"]
[Date "2007.12.16"]
[Round "5"]
[White "Papp, Jozsef"]
[Black "Horvath, Rudolf"]
[Result "1/2-1/2"]
[WhiteElo "2050"]
[BlackElo "1951"]
[PlyCount "65"]
[EventDate "2007.10.14"]
[EventType "team"]
[EventRounds "11"]
[EventCountry "HUN"]
[SourceTitle "EXT 2009"]
[Source "ChessBase"]
[SourceDate "2008.11.26"]
[SourceVersion "1"]
[SourceVersionDate "2008.11.26"]
[SourceQuality "1"]
[WhiteTeam "Turul"]
[BlackTeam "Balatonfuered"]
[WhiteTeamCountry "HUN"]
[BlackTeamCountry "HUN"]

1. e4 e5 2. Nf3 Nc6 3. Bb5 a6 4. Bxc6 dxc6 5. Nxe5 Qd4 6. Nf3 Qxe4+ 7. Qe2 Qxe2+ 8. Kxe2 Bg4 9. Re1 0-0-0 10. d3 Re8+ 11. Kf1 Rxe1+ 12. Nxe1 Bd6 13. h3 Bh5 14. Be3 Nf6 15. Nc3 Re8 16. g4 Bg6 17. Nf3 Nd5 18. Nxd5 cxd5 19. Nh4 c5 20. Nxg6 hxg6 21. Re1 d4 22. Bd2 Rxe1+ 23. Bxe1 Kd7 24. Bd2 b5 25. b3 Ke6 26. Ke2 Kd5 27. Kf3 c4 28. Ba5 cxd3 29. cxd3 f5 30. Bd2 Ke6 31. b4 Kf6 32. a3 g5 33. Bc1 1/2-1/2

[Event "HUN-chT2 Breyer 0708"]
[Site "Hungary"]
[Date "2007.11.11"]
[Round "2"]
[White "Horvath, Ilona Klara"]
[Black "Papp, Jozsef"]
[Result "0-1"]
[WhiteElo "1855"]
[BlackElo "2050"]
[PlyCount "90"]
[EventDate "2007.10.14"]
[EventType "team"]
[EventRounds "11"]
[EventCountry "HUN"]
[SourceTitle "EXT 2009"]
[Source "ChessBase"]
[SourceDate "2008.11.26"]
[SourceVersion "1"]
[SourceVersionDate "2008.11.26"]
[SourceQuality "1"]
[WhiteTeam "MAFC"]
[BlackTeam "Turul"]
[WhiteTeamCountry "HUN"]
[BlackTeamCountry "HUN"]

1. e4 c5 2. f4 e6 3. Nf3 d6 4. d3 g6 5. Be2 Bg7 6. c3 Nc6 7. 0-0 Nge7 8. Na3 0-0 9. Nc2 b6 10. Rf2 d5 11. e5 f6 12. d4 fxe5 13. dxe5 Bd7 14. Bf1 Bh6 15. g3 Rf7 16. Be3 Nf5 17. Bd2 Qe7 18. g4 Nh4 19. g5 Nxf3+ 20. Qxf3 Bg7 21. Be3 Nxe5 22. Qg2 Nc6 23. Rd1 Raf8 24. Bb5 Qd6 25. Na3 Qc7 26. h4 d4 27. cxd4 Nxd4 28. Bxd7 Qxd7 29. Rff1 Qc7 30. Qg4 Nf5 31. Bf2 Bxb2 32. Nc4 Bd4 33. Rd2 Nd6 34. Qxe6 Nxc4 35. Qxc4 Qxf4 36. Qe2 Qxh4 37. Rxd4 Qxd4 38. Bxd4 Rxf1+ 39. Kg2 cxd4 40. Qc4+ R8f7 41. Qxd4 R1f4 42. Qd1 h5 43. Kh3 Rg4 44. Kh2 Kh7 45. Qd5 Rgf4 0-1